| 000 | 00739nam a2200217 a 4500 | ||
|---|---|---|---|
| 001 | 13848 | ||
| 003 | BD-JhCC | ||
| 005 | 20240423105055.0 | ||
| 008 | 181026b2019 bg |||| ||a| 000 0 ben d | ||
| 035 | _a(BD-JhCC)13848 | ||
| 040 |
_aBD-JhCC _dBD-JhCC |
||
| 041 | _abengali | ||
| 082 |
_a297 _bKHA 2019 |
||
| 100 | _aআল-খারাজ, মিশারী | ||
| 245 |
_aকীভাবে নামাজের মধুরতা লাভ করা যায়? / _c মিশারী আল-খারাজ। |
||
| 260 |
_aঢাকা: _bবুকিশ পাবলিশার; _c২০১৯. |
||
| 300 |
_a৩৬৮ পৃ. : _c২১ সেমি. |
||
| 650 | _aIslamic | ||
| 942 |
_2ddc _cBK |
||
| 999 |
_c13848 _d13848 |
||